000 00442nam a2200157 a 4500
001 000009730
005 20200929161703.0
008 091001s1989 dr a 000 0 spa d
040 _aDO-SdBNP
_bspa
_cBNPHU
082 _axxx
_bB423c
100 1 _aBejel, Emilio
_924635
245 1 0 _aCasas deshabitadas :
_b(un poema contado) /
_cEmilio Bejel.
260 _aSanto Domingo :
_bCorripio,
_c1989.
300 _a58 p. :
_bil. ;
_c23 cm.
049 _aBNPD
999 _c9490
_d9490